Edipo rey / (Record no. 14173)

MARC details
000 -LEADER
campo de control de longitud fija 00756nam a2200265 i 4500
001 - NÚMERO DE CONTROL
campo de control 14173
003 - IDENTIFICADOR DE NÚMERO DE CONTROL
campo de control ES-MaACL
005 - FECHA Y HORA DE LA ÚLTIMA TRANSACCIÓN
campo de control 20250523062555.0
007 - CAMPO FIJO DE DESCRIPCIÓN FÍSICA--INFORMACIÓN GENERAL
campo de control de longitud fija t|
008 - DATOS DE LONGITUD FIJA--INFORMACIÓN GENERAL
campo de control de longitud fija 881123s1993 sp ||||0| spa j ..|
015 ## - NÚMERO DE BIBLIOGRAFÍA NACIONAL
Número de bibliografía nacional 1988-DIC-24842
016 7# - NÚMERO DE CONTROL DE UNA AGENCIA BIBLIOGRÁFICA NACIONAL
Número de control cancelado/no válido SAB9000034311
020 ## - NÚMERO INTERNACIONAL ESTÁNDAR DEL LIBRO
Número Internacional Estándar del Libro 84-85708-14-8
040 ## - FUENTE DE CATALOGACIÓN
Centro catalogador/agencia de origen M-BN-DP
Lengua de catalogación spa
Centro/agencia transcriptor M-BN-DP
080 ## - NÚMERO DE LA CLASIFICACIÓN DECIMAL UNIVERSAL
Número de la Clasificación Decimal Universal 875-21"-04"
100 0# - ENTRADA PRINCIPAL--NOMBRE DE PERSONA
Nombre de persona Sófocles.
9 (RLIN) 107023
245 10 - MENCIÓN DEL TÍTULO
Título Edipo rey /
Mención de responsabilidad, etc. Sófocles ; versión rítmica de A. García Calvo.
250 ## - MENCION DE EDICION
Mención de edición 3ª ed.
260 ## - PUBLICACIÓN, DISTRIBUCIÓN, ETC.
Lugar de publicación, distribución, etc. Madrid :
Nombre del editor, distribuidor, etc. Lucina,
Fecha de publicación, distribución, etc. 1993.
300 ## - DESCRIPCIÓN FÍSICA
Extensión 69 p. ;
Dimensiones 19 cm.
500 ## - NOTA GENERAL
Nota general Traducción del griego.
700 1# - ENTRADA AGREGADA--NOMBRE PERSONAL
Nombre de persona García Calvo, Agustín,
Fechas asociadas al nombre 1926-2012
9 (RLIN) 233841
852 ## - LOCALIZACIÓN
Ubicación ES-MaACL
Número de control de estantería L-21449
Sublocalización o colección R.126744
Holdings
Estatus retirado Estado de pérdida Estado de daño No para préstamo Biblioteca de origen Biblioteca actual Ubicación en estantería Fecha de adquisición Fuente de adquisición Total de préstamos Signatura topográfica completa Código de barras Visto por última vez Precio de reemplazo Tipo de ítem Koha
        Biblioteca del Ateneo de Madrid Biblioteca del Ateneo de Madrid Depósito 2 17/01/2008     L-21449 1014419 23/02/2023 23/02/2023 Libro impreso